000 01148nab a22002057a 4500
999 _c5834
_d5834
003 OSt
005 20260107130020.0
008 190514b xxu||||| |||| 00| 0 spa d
040 _cPJ
100 _96733
_aAlma, María Daniela
245 1 0 _aMultiparentalidad y alimentos :
_blos problemas de la triple filiación como vía para obtener una cuota alimentaria /
_cMaría Daniela Alma.
300 _ap. 199-206
505 _aSumario: I. El binarismo filial como regla y algunos interrogantes.— II. El impacto de la socioafectividad en el instituto de la filiación, quiebre del binarismo.— III. La multiparentalidad y la obligación alimentaria.— IV. La filiación multiparental como “instrumento” para acceder a derechos alimentarios.— V. La acción declarativa de certeza como alternativa.— VI. Conclusión.
505 _tSi te interesa el texto, comunicate a koha@justierradelfuego.gov.ar
650 0 _9967
_aDERECHO DE FAMILIA
650 0 _9968
_aALIMENTOS
650 0 _94099
_aCUOTA ALIMENTARIA
773 0 _02844
_93222
_dBuenos Aires : AbeledoPerrot, 1989-
_tDerecho de familia. N° 118 - Marzo 2025
_z18511201
942 _2udc
_cANA